Enzýmové acylácie glykozidov derivátmi fenolických kyselín dizertačná práca

Na minha lista:
Detalhes bibliográficos
Autor principal: Chyba, Andrej
Formato: Livro
Idioma:eslovaco
Publicado em: Bratislava STU FCHPT 2015
Acesso em linha:View in OPAC
Tags: Adicionar Tag
Sem tags, seja o primeiro a adicionar uma tag!

MARC

LEADER 00000nam a2200000 a 4500
005 20260127134121.0
008 170314 2015 xo 000 0 slo d
035 |a vtls011617547 
039 9 |y 201703140931  |z mschk03 
040 |a STUSCHK1  |b slo  |c STUSCHK1  |e AACR2 
100 1 |a Chyba, Andrej 
245 1 |a Enzýmové acylácie glykozidov derivátmi fenolických kyselín  |b dizertačná práca  |c Andrea Chyba 
260 |a Bratislava  |b STU FCHPT  |c 2015 
300 |a 105 s.  |b Obr.  |c 25 cm 
500 |a Študijný program: biotechnológia 
500 |a Študijný odbor: biotechnologie 
500 |a Školiace pracovisko: Chemický ústav, Slovenská akadémia vied 
500 |a Evid. číslo: FCHPT-19983-40231 
910 |a SCHK95 
999 |c 4468  |d 4468